Divine Comedy Franchise - Statistics

General Stats
  • This quiz has been taken 21 times
  • The average score is 8 of 55
Answer Stats
Type Year Name Info % Correct
Novel 1977 Inferno Larry Niven / Jerry Pournelle
90%
Novel 2013 Inferno Dan Brown
90%
Poem 1308-1320 Divine Comedy Dante Alighieri
70%
Film 1991 The Divine Comedy Forum Distribution
70%
Symphony 1996 The Divine Comedy Robert W. Smith
70%
Film 1924 Dante's Inferno Fox Film Corporation
40%
Film 1935 Dante's Inferno 20th Century Fox
40%
Film 2007 Dante's Inferno Slamdance / Sony
40%
Video Game 2010 Dante's Inferno EA
40%
Film 2010 Dante's Inferno: An Animated Epic Anchor Bay Entertainment
40%
Opera 1904 Francesca da Rimini Modest Ilyich Tchaikovsky
20%
Opera 1914 Francesca da Rimini Riccardo Zandonai
20%
Symphonic Poem 1877 Francesca da Rimini: Symphonic Fantasy after Dante Pyotr Ilyich Tchaikovsky
20%
Video Game 2009 Bayonetta Sega / Nintendo
10%
Sonata 1849 Dante Sonata Franz Liszt
10%
Symphony 1857 Dante Symphony Franz Liszt
10%
Video Game 2001 Devil May Cry Capcom
10%
Video Game 2003 Devil May Cry 2 Capcom
10%
Video Game 2005 Devil May Cry 3: Dante's Awakening Capcom
10%
Video Game 2008 Devil May Cry 4 Capcom
10%
Video Game 2019 Devil May Cry 5 Capcom
10%
Anime Series 2007 Devil May Cry: The Animated Series WOWOW
10%
Video Game 2013 DmC: Devil May Cry Capcom
10%
Non-Fiction Book 1937 As I Was Going Down Sackville Street: A Phantasy in Fact Oliver St. John Gogarty
0%
TV Mini-Series 1990 A TV Dante Channel 4
0%
Video Game 2014 Bayonetta 2 Nintendo
0%
Video Game TBA Bayonetta 3 Nintendo
0%
Documentary 2016 Botticelli Inferno Nexo Digital
0%
Painting 1835 Dante in Hell Hippolyte Flandrin
0%
Short Film 2013 Dante's Hell Animated Global Film Sales
0%
Structure 1938 Danteum Giuseppe Terragni
0%
Manga Mini-Series 1971 Demon Lord Dante Kodansha
0%
Anime Series 2002 Demon Lord Dante AT-X
0%
Manga Series 2002-2004 Demon Lord Dante Kodansha
0%
Video Game 2020 Devil May Cry: Pinnacle of Combat Yunchang Games
0%
Short Story 1904 Earth Inferno Austin Osman Spare
0%
Painting 1835 Francesca da Rimini and Paolo Malatesta Appraised by Dante and Virgil Ary Scheffer
0%
Opera 1918 Gianni Schicchi Giacomo Puccini
0%
Graphic Novel 2006 Jimbo's Inferno Gary Panter
0%
Painting 1887 La Barca de Aqueronte Félix Resurrección Hidalgo
0%
Painting 1887 La Laguna Estigia Félix Resurrección Hidalgo
0%
Film 1911 L'Inferno Helios
0%
Painting 1885 Paolo and Francesca da Rimini Dante Gabriel Rossetti
0%
Painting 1868 Pia de' Tolomei Dante Gabriel Rossetti
0%
Painting 1822 The Barque of Dante Eugène Delacroix
0%
Painting 1854-1858 The Barque of Dante Èdouard Manet
0%
Poem 1917-1962 The Cantos Ezra Pound
0%
Novel 2003 The Dante Club Matthew Pearl
0%
Short Film 1987 The Dante Quartet N/A
0%
Sculpture 1917 The Gates of Hell Auguste Rodin
0%
Sculpture 1882 The Kiss Auguste Rodin
0%
Poem 1816 The Story of Rimini Leigh Hunt
0%
Novella 1965 The System of Dante's Hell LeRoi Jones
0%
Sculpture 1904 The Thinker Auguste Rodin
0%
Painting 1827 The Wood of the Self-Murderers: The Harpies and the Suicides William Blake
0%
No matching quizzes found
Score Distribution
Percent of People with Each Score
Percentile by Number Answered
Your Score History
You have not taken this quiz